000 00522nam a2200181Ia 4500
001 17828
005 20260306171546.0
008 260306s9999||||xx |||||||||||||| ||und||
041 _aESP
082 _a658.3
_bA43B 2016
100 _aAlles, Martha Alicia
_eAUT
245 0 _aSelección por competencias:
_batracción y reclutamiento en las redes sociales. Entrevista y medición de competencias
260 _c2016
300 _a426 páginas :
_c23 cm.
650 _aGEN
654 _aCAN
942 _cLIB
_dJUS
_fJUS
_2ddc
_n
999 _c17828
_d17828